<?xml version="1.0" encoding="UTF-8"?>
<marc:record xmlns:marc="http://www.loc.gov/MARC21/slim">
   <marc:leader>00000nam a2200000 a 4500</marc:leader>
   <marc:datafield ind1=" " ind2=" " tag="653">
      <marc:subfield code="a">Gesundheit</marc:subfield>
   </marc:datafield>
   <marc:datafield ind1=" " ind2=" " tag="653">
      <marc:subfield code="a">Kochbuch</marc:subfield>
   </marc:datafield>
   <marc:datafield ind1=" " ind2=" " tag="653">
      <marc:subfield code="a">Entschlacken</marc:subfield>
   </marc:datafield>
   <marc:datafield ind1=" " ind2=" " tag="653">
      <marc:subfield code="a">Säure- Basen-Haushalt</marc:subfield>
   </marc:datafield>
   <marc:datafield ind1="0" ind2="0" tag="245">
      <marc:subfield code="a">Säure-Basen-Kochbuch</marc:subfield>
   </marc:datafield>
   <marc:datafield ind1="0" ind2="0" tag="245">
      <marc:subfield code="b">jeden Tag basisch genießen</marc:subfield>
   </marc:datafield>
   <marc:datafield ind1=" " ind2="1" tag="264">
      <marc:subfield code="b">Gräfe und Unzer</marc:subfield>
      <marc:subfield code="c">2015</marc:subfield>
   </marc:datafield>
   <marc:datafield ind1="1" ind2=" " tag="520">
      <marc:subfield code="a">Angaben aus der Verlagsmeldung  Säure-Basen-Kochbuch : Mit basischen Rezepten jeden Tag genießen und in der Balance bleiben / von Jürgen Vormann, Karola Wiedemann  Kennen Sie das? Sie fühlen sich müde und nervös. Irgendwie spüren Sie die Gelenke, die Muskeln sind verspannt. Das kann auf eine Übersäuerung deuten - dann sind Säure und Basen im Stoffwechsel aus dem Gleichgewicht geraten. Säurebildende Zutaten wie Fleisch, Eier, Brot oder Pasta können diese Balance stören. Der Körper versucht dann, den Säureüberschuss zu regulieren - und das kann zu Unwohlsein führen. Was hilft? Keine Pillen, keine Medizin, sondern eine basische Ernährung! Zum Glück sind viele Lebensmittel, die wir mögen, basisch: Kartoffeln, Obst, Gemüse und Pilze. Und wenn wir die in der Küche geschickt einsetzen, können wir uns sogar mit Fleischgerichten ausgewogen ernähren. Das ist das Erfolgsrezept des Säure-Basen-Kochbuchs von GU und bringt den Stoffwechsel in Balance. Ob Frühstück, Snacks, Salate, Suppen, Hauptgerichte oder Desserts - alle Gerichte unterstützen positiv den Säure-Basen-Haushalt. Mit viel Genuss wieder fit werden - nichts leichter als das!</marc:subfield>
   </marc:datafield>
   <marc:datafield ind1=" " ind2=" " tag="020">
      <marc:subfield code="a">9783833844287</marc:subfield>
      <marc:subfield code="9">9783833844287</marc:subfield>
   </marc:datafield>
</marc:record>
